[Event "Czech-ch U18-20 Open 2022"]
[Site "Spindleruv Mlyn"]
[Date "2022.03.18"]
[Round "10.2"]
[White "Ocelak, Jakub"]
[Black "Hlavina, Matous"]
[Result "0-1"]
[WhiteElo "2053"]
[BlackElo "2112"]
[Annotator "NA"]
[PlyCount "173"]
[EventDate "2022.03.10"]
[EventType "tourn"]
[EventCountry "CZE"]
[SourceTitle "playchess.com"]
[Source "ChessBase"]
[SourceQuality "1"]
[TimeControl "40/5400+30:1800+30"]

1. d4 {[%emt 0:00:07]} Nf6 {[%emt 0:00:16]} 2. c4 {[%emt 0:00:14]} c5 {[%emt 0:00:23]} 3. d5 {[%emt 0:00:11]} e6 {[%emt 0:00:26]} 4. g3 {[%emt 0:05:09]} exd5 {[%emt 0:01:35]} 5. cxd5 {[%emt 0:00:04]} d6 {[%emt 0:00:53]} 6. Bg2 {[%emt 0:00:04]} g6 {[%emt 0:00:05]} 7. Nc3 {[%emt 0:00:02]} Bg7 {[%emt 0:00:21]} 8. Nf3 {[%emt 0:00:05]} O-O {[%emt 0:01:08]} 9. O-O {[%emt 0:00:06]} a6 {[%emt 0:00:52]} 10. a4 {[%emt 0:02:18]} Re8 {[%emt 0:01:23]} 11. Nd2 {[%emt 0:04:29]} Nbd7 {[%emt 0:04:28]} 12. Nc4 {[%emt 0:02:56]} Ne5 {[%emt 0:01:43]} 13. Nxe5 {[%emt 0:08:13]} Rxe5 {[%emt 0:00:12]} 14. e4 {[%emt 0:05:02]} Re8 {[%emt 0:05:03]} 15. h3 {[%emt 0:02:29]} Qc7 {[%emt 0:04:31]} 16. Re1 {[%emt 0:04:25]} Nd7 {[%emt 0:01:43]} 17. f4 {[%emt 0:02:38]} Rb8 {[%emt 0:00:47]} 18. e5 {[%emt 0:06:03]} b5 {[%emt 0:05:12]} 19. axb5 {[%emt 0:04:14]} axb5 {[%emt 0:00:22]} 20. Kh2 {[%emt 0:04:49]} Qb6 {[%emt 0:04:11]} 21. e6 {[%emt 0:05:04]} Nf6 {[%emt 0:01:16]} 22. f5 {[%emt 0:00:42]} gxf5 $11 {[%emt 0:05:29]} 23. Bg5 {[%emt 0:04:00]} Qc7 {[%emt 0:06:44]} 24. Bxf6 {[%emt 0:12:57]} Bxf6 {[%emt 0:01:11]} 25. Qh5 {[%emt 0:00:03]} Kg7 {[%emt 0:04:57]} 26. Qxf5 {[%emt 0:01:29]} Qe7 {[%emt 0:03:26]} 27. Be4 {[%emt 0:06:19]} fxe6 {[%emt 0:07:20]} 28. Qxh7+ {[%emt 0:00:11]} Kf8 {[%emt 0:00:04]} 29. Qg6 {[%emt 0:02:05]} Qg7 {[%emt 0:01:30]} 30. Rf1 {[%emt 0:03:25]} Ke7 {[%emt 0:01:29]} 31. dxe6 {[%emt 0:00:07]} Qxg6 {[%emt 0:02:39]} 32. Bxg6 {[%emt 0:00:36]} Bxc3 {[%emt 0:02:08]} 33. bxc3 {[%emt 0:16:24]} Rf8 {[%emt 0:01:23]} 34. Ra7+ {[%emt 0:00:00]} Rb7 {[%emt 0:02:40]} 35. Rxf8 {[%emt 0:00:00]} Kxf8 {[%emt 0:00:07]} 36. e7+ {[%emt 0:00:00]} Kxe7 {[%emt 0:00:52]} 37. Ra8 {[%emt 0:00:00]} Be6 {[%emt 0:06:44]} 38. h4 {[%emt 0:00:00]} Kf6 {[%emt 0:01:05]} 39. h5 {[%emt 0:00:22]} b4 {[%emt 0:01:39]} 40. cxb4 {[%emt 0:01:25]} cxb4 {[%emt 0:00:05]} 41. Bb1 {[%emt 0:08:06]} Kg5 {[%emt 0:01:56]} 42. Ra6 {[%emt 0:00:27]} Rd7 {[%emt 0:03:19]} 43. Rb6 {[%emt 0:01:07]} b3 {[%emt 0:00:11]} 44. Bd3 {[%emt 0:04:37]} Kxh5 {[%emt 0:05:57]} 45. Be2+ {[%emt 0:01:43]} Kg5 {[%emt 0:03:25]} 46. Bd1 {[%emt 0:02:40]} Bd5 {[%emt 0:11:18]} 47. Bxb3 {[%emt 0:01:13]} Be4 {[%emt 0:01:11]} 48. Kg1 {[%emt 0:04:20]} d5 {[%emt 0:01:14]} 49. Bxd5 {[%emt 0:02:29]} Rxd5 {[%emt 0:00:26]} 50. Kf2 {[%emt 0:00:07]} Bf5 {[%emt 0:00:21]} 51. Rb8 {[%emt 0:00:45]} Rd2+ {[%emt 0:01:15]} 52. Ke3 {[%emt 0:00:15]} Rd3+ {[%emt 0:00:06]} 53. Ke2 {[%emt 0:00:12]} Rxg3 {[%emt 0:00:14]} 54. Rg8+ {[%emt 0:00:16]} Bg6 {[%emt 0:00:04]} 55. Kd2 {[%emt 0:00:11]} Kf4 {[%emt 0:00:18]} 56. Rf8+ {[%emt 0:01:43]} Bf5 {[%emt 0:00:10]} 57. Rf7 {[%emt 0:01:13]} Ke5 {[%emt 0:00:54]} 58. Rf8 {[%emt 0:00:26]} Be4 {[%emt 0:00:19]} 59. Re8+ {[%emt 0:00:59]} Kd4 {[%emt 0:00:06]} 60. Rd8+ {[%emt 0:00:10]} Bd5 {[%emt 0:00:05]} 61. Re8 {[%emt 0:00:45]} Rg7 {[%emt 0:01:40]} 62. Rd8 {[%emt 0:05:38]} Rg2+ {[%emt 0:00:09]} 63. Kc1 {[%emt 0:00:08]} Kc4 {[%emt 0:00:39]} 64. Rc8+ {[%emt 0:01:04]} Kb3 {[%emt 0:00:14]} 65. Rh8 {[%emt 0:01:21]} Be4 {[%emt 0:02:14]} 66. Rb8+ {[%emt 0:00:44]} Kc3 {[%emt 0:00:36]} 67. Rc8+ {[%emt 0:00:03]} Kd3 {[%emt 0:00:05]} 68. Rd8+ {[%emt 0:01:22]} Ke3 {[%emt 0:00:08]} 69. Rh8 {[%emt 0:00:39]} Rc2+ {[%emt 0:02:08]} 70. Kd1 {[%emt 0:00:02]} Rc3 {[%emt 0:00:15]} 71. Re8 {[%emt 0:01:10]} Rb3 {[%emt 0:00:06]} 72. Rc8 {[%emt 0:00:45]} Rb1+ {[%emt 0:00:27]} 73. Rc1 {[%emt 0:00:08]} Rb2 {[%emt 0:00:07]} 74. Rc7 {[%emt 0:00:59]} Rb8 {[%emt 0:02:05]} 75. Rc5 {[%emt 0:00:37]} Bd3 {[%emt 0:00:49]} 76. Re5+ {[%emt 0:00:32]} Kd4 {[%emt 0:00:23]} 77. Re7 {[%emt 0:00:42]} Kc3 {[%emt 0:00:36]} 78. Rc7+ {[%emt 0:00:23]} Bc4 {[%emt 0:00:06]} 79. Kc1 {[%emt 0:00:33]} Rf8 {[%emt 0:02:13]} 80. Rd7 {[%emt 0:00:22]} Rf2 {[%emt 0:01:01]} 81. Rd8 {[%emt 0:00:38]} Rh2 {[%emt 0:03:02]} 82. Rd7 {[%emt 0:00:19]} Rc2+ {[%emt 0:01:30]} 83. Kd1 {[%emt 0:00:28]} Ra2 {[%emt 0:01:46]} 84. Ke1 {[%emt 0:00:24]} Re2+ {[%emt 0:00:25]} 85. Kd1 {[%emt 0:01:28]} Re6 {[%emt 0:19:05]} 86. Rc7 {[%emt 0:00:30]} Rf6 {[%emt 0:00:30]} 87. Re7 0-1

[Event "Czech-ch U18-20 Open 2022"]
[Site "Spindleruv Mlyn"]
[Date "2022.03.18"]
[Round "10.3"]
[White "Mladek, Richard"]
[Black "Kusa, Jakub"]
[Result "1/2-1/2"]
[WhiteElo "2374"]
[BlackElo "2298"]
[Annotator "TA"]
[PlyCount "133"]
[EventDate "2022.03.10"]
[EventType "tourn"]
[EventCountry "CZE"]
[SourceTitle "playchess.com"]
[Source "ChessBase"]
[SourceQuality "1"]

{[%evp 23,133,12,14,24,28,31,25,15,18,11,39,39,25,29,37,39,42,34,27,35,37,31,29,28,31,29,35,16,23,20,41,28,34,9,27,9,17,20,18,10,12,15,14,8,14,0,0,0,0,0,0,0,0,0,0,0,0,0,0,0,0,0,0,0,0,0,0,0,0,0,0,0,0,0,0,-8,0,0,0,0,0,0,0,0,0,0,0,-8,0,0,0,0,0,0,0,0,0,0,0,0,0,0,0,0,0,0,0,0,0,0,0,0]} 1. d4 Nf6 2. c4 e6 3. Nf3 d5 4. Nc3 Nbd7 5. Bg5 Be7 6. e3 h6 7. Bh4 O-O 8. Qc2 c5 9. cxd5 Nxd5 10. Bxe7 Qxe7 11. Nxd5 exd5 12. dxc5 Nxc5 13. Be2 {D61: Queen's Gambit Declined: Classical: 7 Qc2.} Bg4 14. O-O Rac8 15. Rfd1 {White has an edge.} Rfd8 16. Rac1 {[#]} a6 $146 ({Predecessor:} 16... Ne4 17. Qd3 Rc5 18. Rxc5 Qxc5 19. Nd4 Bxe2 20. Nxe2 Qa5 21. f3 Nf6 22. Qb3 Re8 {½-½ (57) Ding,L (2753)-Ponomariov,R (2709) Baku 2016}) 17. h3 Ne4 18. Qd3 Be6 19. Qd4 Rc7 20. Qb6 Rdc8 21. Rxc7 Qxc7 22. Qxc7 Rxc7 23. Nd4 {Prevents Rc2.} Kf8 24. f3 Nd6 25. Bd3 Ke7 26. b3 Bd7 27. Kf2 Rc5 28. a4 a5 29. Ke2 b5 {The position is equal.} 30. axb5 Bxb5 31. Ra1 Bxd3+ 32. Kxd3 $11 {[%cal Oa1a5][%mdl 4096] Endgame KRN-KRN} Kf6 33. h4 h5 34. Ra4 g6 35. b4 axb4 36. Rxb4 Nc4 37. Ne2 Ke5 38. Rb7 Nd6 39. Ra7 Rb5 40. Nd4 Rb6 41. g4 hxg4 42. fxg4 Rb2 43. Re7+ Kf6 44. Rd7 Ke5 45. Nc6+ Ke6 46. Re7+ Kf6 47. Re5 Rb3+ 48. Kd4 Nc4 49. g5+ Kg7 50. Re7 Nd6 {[#] Strongly threatening ...Nf5+.} 51. Kxd5 Nf5 {[%csl LRe3,LRe7,LRh4]} 52. Ra7 Nxe3+ 53. Ke4 Ng2 54. Ne5 Rb4+ 55. Kd5 Nxh4 56. Nxf7 Kg8 57. Nd6 Rg4 58. Ne4 {[#] White threatens Nf6+ and mate.} Kf8 59. Ra8+ Ke7 60. Ra7+ Kf8 61. Nf6 {Threatening mate with Ke6.} Rg1 (61... Rxg5+ $2 62. Ke6 $18) 62. Nd7+ Kg8 63. Nf6+ Kf8 64. Ra8+ Kf7 65. Ra7+ Kf8 66. Nd7+ Kg8 67. Nf6+ {Weighted Error Value: White=0.03 (flawless) /Black=0.03 (flawless)} 1/2-1/2

[Event "Czech-ch U18-20 Open 2022"]
[Site "Spindleruv Mlyn"]
[Date "2022.03.18"]
[Round "10.4"]
[White "Vojta, Jakub"]
[Black "Stalmach, Richard"]
[Result "0-1"]
[WhiteElo "2406"]
[BlackElo "2302"]
[Annotator "TA"]
[PlyCount "60"]
[EventDate "2022.03.10"]
[EventType "tourn"]
[EventCountry "CZE"]
[SourceTitle "playchess.com"]
[Source "ChessBase"]
[SourceQuality "1"]

{[%evp 20,60,16,14,38,45,32,34,44,30,39,25,41,19,29,46,39,11,31,26,118,8,8,10,18,10,5,22,37,0,0,0,-8,-8,28,-27,-35,-189,-197,-229,-212,-604,-561]} 1. e4 c5 2. c3 Nf6 3. e5 Nd5 4. Nf3 Nc6 5. Bc4 e6 6. O-O d6 7. d4 cxd4 8. cxd4 Be7 9. Qe2 O-O 10. Qe4 Qc7 11. Bd3 {[%csl Gd3][%cal Re4h7] [#]} g6 {B22: Sicilian: 2 c3.} (11... f5 $5 {[%cal Rf5e4]} 12. exf6 Nxf6 $11) 12. Bh6 Rd8 13. Nbd2 dxe5 {White is slightly better.} 14. dxe5 ({Much weaker is} 14. Nxe5 Nf6 15. Qe2 (15. Qe3 $2 Nxe5 16. Qxe5 Qxe5 $19) 15... Nxd4 $17) 14... b6 15. Rfe1 Bb7 16. a3 {[#] To avoid Ndb4} Rac8 $146 ({Predecessor:} 16... Qd7 17. Rac1 Ndb4 18. Bb1 Nd3 19. Bxd3 Qxd3 20. Qf4 Nd4 21. Nxd4 Rxd4 {½-½ (30) Herr,H-Zimmer,H GER corr 1998}) 17. Rac1 Qd7 {[%cal Od5b4]} 18. Bb1 b5 19. h4 {[%cal Bh2h4,Bh4h5][%mdl 32] Threatens to win with h5!} b4 (19... Nb6 $1 $11 {remains equal.}) 20. a4 (20. h5 $16) 20... Nb6 $1 $11 21. h5 {[#] Black must now prevent Qg4.} Nd4 22. Qxd4 Qxd4 {The board is on fire.} 23. Nxd4 Rxd4 24. Be3 Rd7 25. Rxc8+ Bxc8 {[%cal Bb7c8,Bc8a6,Ba6c4][%mdl 32]} 26. Be4 Ba6 27. Rc1 (27. a5 $142 Nd5 28. Bxd5 Rxd5 29. Rc1) 27... Nxa4 28. Nb3 $2 (28. hxg6 $15 hxg6 29. Bc6) 28... Nxb2 $19 29. Ra1 Bc4 30. Nc5 (30. Nd2) 30... Rd1+ {Weighted Error Value: White=0.51/Black=0.15 (very precise)} 0-1

[Event "Czech-ch U18-20 Open 2022"]
[Site "Spindleruv Mlyn"]
[Date "2022.03.18"]
[Round "10.5"]
[White "Svanda, Ondrej"]
[Black "Lajbl, Jan"]
[Result "1-0"]
[WhiteElo "2303"]
[BlackElo "2218"]
[Annotator "ChessBase"]
[PlyCount "87"]
[EventDate "2022.03.10"]
[EventType "tourn"]
[EventCountry "CZE"]
[SourceTitle "playchess.com"]
[Source "ChessBase"]
[SourceQuality "1"]
[TimeControl "40/5400+30:1800+30"]

1. d4 {[%emt 0:00:02]} d5 {[%emt 0:00:03]} 2. Nc3 {[%emt 0:00:05]} Nf6 {[%emt 0:00:31]} 3. Bf4 {[%emt 0:00:03]} Bf5 {[%emt 0:01:03]} 4. e3 {[%emt 0:00:37]} e6 {[%emt 0:00:55]} 5. Nb5 {[%emt 0:13:57]} Na6 {[%emt 0:04:10]} 6. Nf3 {[%emt 0:00:09]} c6 {[%emt 0:03:39]} 7. Nc3 {[%emt 0:00:02]} Qb6 {[%emt 0:01:03]} 8. Bxa6 {[%emt 0:18:40]} Qxa6 {[%emt 0:01:52]} 9. Ne5 {[%emt 0:00:02]} Bb4 {[%emt 0:02:54]} 10. f3 {[%emt 0:00:05]} Nh5 {[%emt 0:04:38]} 11. g4 {[%emt 0:04:32]} Nxf4 {[%emt 0:01:13]} 12. gxf5 {[%emt 0:03:45]} Nh5 {[%emt 0:11:47]} 13. fxe6 {[%emt 0:01:11]} fxe6 {[%emt 0:02:09]} 14. Qd3 {[%emt 0:06:37]} Qxd3 {[%emt 0:01:17]} 15. cxd3 {[%emt 0:00:01]} Bd6 {[%emt 0:02:29]} 16. f4 {[%emt 0:00:02]} Bxe5 {[%emt 0:00:29]} 17. dxe5 {[%emt 0:00:10]} d4 {[%emt 0:05:21]} 18. exd4 {[%emt 0:02:46]} Nxf4 {[%emt 0:00:55]} 19. Kd2 {[%emt 0:05:38]} Rd8 {[%emt 0:03:55]} 20. Ne4 {[%emt 0:01:03]} Rxd4 {[%emt 0:02:41]} 21. Ke3 {[%emt 0:00:06]} Rxd3+ {[%emt 0:00:43]} 22. Kxf4 {[%emt 0:00:01]} O-O+ {[%emt 0:00:21]} 23. Kg4 {[%emt 0:00:30]} Rd4 {[%emt 0:10:26]} 24. Rhe1 {[%emt 0:03:59]} Rf2 {[%emt 0:02:00]} 25. Rad1 {[%emt 0:00:04]} Rxd1 {[%emt 0:03:07]} 26. Rxd1 {[%emt 0:00:00]} Rxb2 {[%emt 0:02:59]} 27. Ng5 {[%emt 0:00:11]} Rb4+ {[%emt 0:02:48]} 28. Kg3 {[%emt 0:01:13]} Kf8 {[%emt 0:00:10]} 29. Rd7 {[%emt 0:05:38]} Rb5 {[%emt 0:02:21]} 30. Nxh7+ {[%emt 0:00:22]} Ke8 {[%emt 0:00:16]} 31. Rxg7 {[%emt 0:00:11]} Rxe5 {[%emt 0:00:40]} 32. Nf6+ {[%emt 0:00:19]} Kf8 {[%emt 0:00:09]} 33. Rxb7 {[%emt 0:02:07]} Rg5+ {[%emt 0:01:00]} 34. Ng4 {[%emt 0:00:40]} Ra5 {[%emt 0:00:12]} 35. h4 {[%emt 0:01:49]} Rxa2 {[%emt 0:00:15]} 36. h5 {[%emt 0:00:03]} Ra3+ {[%emt 0:01:02]} 37. Kh4 {[%emt 0:00:08]} Rf3 {[%emt 0:01:56]} 38. Kg5 {[%emt 0:02:29]} Rf7 {[%emt 0:00:29]} 39. Rxf7+ {[%emt 0:00:14]} Kxf7 {[%emt 0:00:04]} 40. h6 {[%emt 0:00:03]} a5 {[%emt 0:00:12]} 41. Ne5+ {[%emt 0:30:07]} Kg8 {[%emt 0:30:03]} 42. Kg6 {[%emt 0:00:03]} a4 {[%emt 0:00:04]} 43. h7+ {[%emt 0:00:03]} Kh8 {[%emt 0:00:05]} 44. Nf7# {[%emt 0:32:43]} 1-0

[Event "Czech-ch U18-20 Open 2022"]
[Site "Spindleruv Mlyn"]
[Date "2022.03.18"]
[Round "10.6"]
[White "Gloser, David"]
[Black "Babula, Vlastimil"]
[Result "0-1"]
[WhiteElo "2238"]
[BlackElo "2558"]
[Annotator "TA"]
[PlyCount "90"]
[EventDate "2022.03.10"]
[EventType "tourn"]
[EventCountry "CZE"]
[SourceTitle "playchess.com"]
[Source "ChessBase"]
[SourceQuality "1"]

{[%evp 17,90,-10,16,-4,0,-2,0,0,0,-12,-16,-38,0,-73,-68,-62,-40,-49,-37,-41,-15,-81,-19,-42,-2,-10,0,-56,-69,-66,-65,-76,-86,-79,-84,-281,-268,-290,-243,-236,-100,-323,-214,-222,-128,-355,-377,-705,-691,-884,-610,-707,0,-772,-604,-683,-681,-644,-638,-1060,-1026,-1835,-663,-1783,-1538,-1312,-803,-5506,-5206,-29981,-29982,-29989,-29990,-29990,-637]} 1. e4 c5 2. Nc3 Nc6 3. g3 g6 4. Bg2 Bg7 5. d3 d6 6. f4 e6 7. Nf3 Nge7 8. O-O O-O 9. Be3 a6 {9...b6 is setting a new trend.} 10. Bf2 {B25: Closed Sicilian: 3 g3, lines without early Be3.} Rb8 11. a3 b5 12. Qd2 {[#] The position is equal.} Qc7 $146 ({Predecessor:} 12... Nd4 13. Nxd4 cxd4 14. Ne2 e5 15. fxe5 dxe5 16. c3 dxc3 17. Nxc3 Be6 18. b4 Rc8 19. Rac1 Qd7 20. Bc5 Rfd8 21. Qg5 {½-½ (21) Lobo,A (2085)-Owens,J (2222) ICCF email 2017}) 13. g4 f5 14. h3 b4 15. Nd1 {[#]} (15. axb4 $11 {remains equal.} Rxb4 16. Ra2) 15... bxa3 $1 $17 16. Rxa3 Nd4 (16... e5 $5 {[%cal Rf5g4]} 17. exf5 gxf5 18. fxe5 fxg4 19. hxg4 Bxg4 $15) 17. c3 Nxf3+ 18. Bxf3 d5 (18... fxg4 {seems wilder.} 19. hxg4 d5 20. Bh4 Bh6 21. g5 Bg7) 19. Bh4 (19. exf5 $1 $11 gxf5 20. g5) 19... Bb7 (19... dxe4 $17 20. dxe4 Bh6) 20. exf5 exf5 21. Qg2 Bf6 22. Bxf6 ({White should try} 22. Bg3 $11) 22... Rxf6 $15 23. g5 Re6 24. Rb3 {White is on the road to losing.} Bc6 25. Rxb8+ Qxb8 26. c4 $2 (26. Qd2 $17 {was necessary.}) 26... Qxf4 $19 27. Nc3 {[%cal Rc4d5]} Qe3+ 28. Kh1 {[%cal Rc4d5]} d4 (28... Qxd3 29. cxd5 Nxd5 30. Bxd5 (30. Nxd5 Kf7 $16) 30... Bxd5 31. Nxd5 $16) (28... dxc4 $19 {and Black stays clearly on top.} 29. Bxc6 Nxc6 30. dxc4 Kf7) 29. Bxc6 $2 (29. Nd5 $17 Bxd5 30. cxd5) 29... Nxc6 ({Worse is} 29... Rxc6 30. Rf3 Qe5 31. Ne2 $17) 30. Nd5 Qe2 (30... Qxd3 $19 31. Nf4 Qxc4 32. Nxe6 Qxe6) 31. Rf2 $2 (31. Nf4 $17 {keeps fighting.} Qxg2+ 32. Kxg2) 31... Qxd3 32. Rd2 $2 (32. Nf4 Re1+ 33. Kh2) 32... Qxc4 33. Rc2 Qd3 34. Rd2 Qc4 35. Rc2 $1 Qa4 36. Nf6+ Kg7 37. Rf2 Qb3 {White must now prevent ...Re1+.} 38. h4 Re1+ 39. Kh2 Qe6 40. h5 Qe5+ 41. Kh3 Re3+ 42. Kh4 {[#]} d3 $1 {( -> ...Qd4+)} 43. h6+ (43. Qh2 Qd4+) 43... Kh8 {Black mates.} 44. Rf3 Rxf3 ({Inferior is} 44... d2 45. Rxe3 Qxe3 46. Qxc6 Qe1+ 47. Kh3 Qe3+ 48. Kh4 Qf2+ 49. Kh3 Qf1+ 50. Kh4 Qf2+ 51. Kh3 Qf1+ 52. Kh4 Qc4+ 53. Kg3 Qd3+ 54. Kf2 d1=N+ 55. Ke1 Qe3+ 56. Kxd1 Qd4+ 57. Kc2 Qc4+ 58. Kd2 (58. Kb1 Qf1+ 59. Kc2 Qc4+ 60. Kd2 Qd4+ 61. Ke1 Qe3+ 62. Kf1 Qc1+ 63. Kg2 Qxb2+ 64. Kg3 Qe5+ 65. Kh3 Qe3+ 66. Kh4 Qf2+ 67. Kh3 Qe3+ 68. Kh4 Qf2+ 69. Kh3 Qe3+ $11) 58... Qd4+ 59. Ke1 Qe3+ 60. Kf1 Qc1+ 61. Kg2 Qxb2+ 62. Kh3 Qc3+ 63. Kh4 Qb4+ 64. Kg3 Qb8+ 65. Kh3 Qb3+ 66. Kg2 Qb2+ 67. Kh3 Qc3+ 68. Kh4 Qb4+ 69. Kh3 Qc3+ $11) 45. Qxf3 Qh2+ {Weighted Error Value: White=0.75/Black=0.49} 0-1

[Event "Czech-ch U18-20 Open 2022"]
[Site "Spindleruv Mlyn"]
[Date "2022.03.19"]
[Round "11.1"]
[White "Babula, Vlastimil"]
[Black "Mica, Marek"]
[Result "0-1"]
[WhiteElo "2558"]
[BlackElo "2272"]
[Annotator "TA"]
[PlyCount "76"]
[EventDate "2022.03.10"]
[EventType "tourn"]
[EventCountry "CZE"]
[SourceTitle "playchess.com"]
[Source "ChessBase"]
[SourceQuality "1"]

{[%evp 11,76,10,17,13,10,0,6,-4,12,-11,12,0,0,0,1,0,0,-14,-16,-19,0,-10,0,0,18,0,0,0,0,0,0,-135,0,-285,-293,-280,-278,-280,-274,-224,-109,-110,-108,-106,-111,-191,-176,-170,0,-223,-215,-205,-222,-212,-212,-850,-815,-807,-765,-29957,-6016,-29978,-29979,-29977,-29976,-6295,-5309]} 1. e4 c6 2. d4 d5 3. exd5 cxd5 4. Bd3 Nc6 5. c3 Nf6 6. h3 g6 7. Nf3 {B13: Caro-Kann: Exchange Variation and Panov-Botvinnik Attack.} Bf5 8. Be2 {is currently scoring better than 8.0-0.} e6 9. O-O {The position is equal.} Qc7 {[#]} 10. a4 $146 ({Predecessor:} 10. Be3 Bd6 11. Nbd2 h6 12. c4 g5 13. cxd5 Nxd5 14. Nc4 O-O-O 15. Rc1 Kb8 16. Qb3 {0-1 (33) Baches Garcia,G (2329)-Grandelius,N (2663) Chess.com INT 2021}) 10... a6 11. Re1 h5 12. Be3 Bd6 13. Nbd2 Kf8 14. Nf1 Kg7 15. Nh4 Ne7 16. f3 Bf4 17. Qd2 g5 {aiming for ...Bxe3+.} 18. Bxf4 Qxf4 19. Qxf4 gxf4 20. Kh2 Kh6 21. g4 (21. g3 $11 {remains equal.}) 21... Bxg4 22. hxg4 {[%mdl 8192]} (22. fxg4 hxg4 23. Ng2 (23. hxg4 $2 Kg7 $19) (23. Bxg4 $2 Nxg4+ 24. hxg4 Kg7 $19) 23... f3 $17) (22. Ng2 $1 $11) 22... hxg4 $19 {...Kg5 is the strong threat.} 23. Kg1 Kg5 24. Ng2 Rh3 $1 25. Nd2 g3 (25... Rah8 $19 {has better winning chances. ( -> ...Rh1+)} 26. fxg4 Ne4 27. Nf3+ Kxg4 28. Nfh4+ (28. Ne5+ $2 Kg3 $19) 28... Kg5) 26. Bd3 $17 Rah8 {[%csl Gh8][%cal Rh3h1]} 27. Kf1 (27. Re5+ $2 Nf5 28. Nh4 R3xh4 $19) 27... Rh2 $1 {Hoping for ...Nf5.} 28. Re5+ (28. Rad1 $17) 28... Nf5 $19 29. Bxf5 {[#]} exf5 {The board is on fire.} (29... Nd7 $1 $19 {Threatens to win with ...Rh1+.} 30. Ree1 (30. Bb1+ $2 Nxe5 31. dxe5 Rh1+ 32. Ke2 R8h2 $19) 30... Kxf5) 30. Rae1 $2 {[#]} (30. Rd1 $1 $11 {and White has nothing to worry.}) 30... Rxg2 $1 {[%mdl 512]} 31. Kxg2 Rh2+ 32. Kg1 Rxd2 {[%mdl 4096] Endgame KRR-KRN} 33. R1e2 {To avoid Ne4} (33. R5e2 Rd3 34. Rf1 (34. Kg2 $2 Ng4 $19)) 33... Rd3 34. Kg2 {[#]} Ng4 $1 {[%mdl 512]} 35. fxg4 (35. Re7 Ne3+) 35... Kxg4 ({Inferior is} 35... f3+ 36. Kxg3 fxe2+ 37. Kf2 $11) 36. Re1 f3+ 37. Kf1 g2+ 38. Kg1 Rd2 {Weighted Error Value: White=1.01/Black=0.17 (very precise)} 0-1

[Event "Czech-ch U18-20 Open 2022"]
[Site "Spindleruv Mlyn"]
[Date "2022.03.19"]
[Round "11.2"]
[White "Lajbl, Jan"]
[Black "Gloser, David"]
[Result "1-0"]
[WhiteElo "2218"]
[BlackElo "2238"]
[Annotator "TA"]
[PlyCount "45"]
[EventDate "2022.03.10"]
[EventType "tourn"]
[EventCountry "CZE"]
[SourceTitle "playchess.com"]
[Source "ChessBase"]
[SourceQuality "1"]

{[%evp 13,44,59,39,0,4,25,66,83,421,431,417,412,669,665,915,349,565,562,681,506,512,502,513,506,823,806,568,561,29962,1537,29994,29995,29999]} 1. e4 c5 2. c3 d5 3. exd5 Qxd5 4. d4 Nc6 5. Nf3 Nf6 6. dxc5 Qxc5 7. Na3 {[%cal Bb1a3,Ba3b5,Bb5d6][%mdl 32]} e5 8. Nb5 {B22: Sicilian: 2 c3.} (8. Be3 $5 {[%cal Re3c5]} Qa5 9. Nc4 $14) 8... Qe7 {To avoid Nc7+} 9. Be3 {Hoping for Qa4.} Bg4 {[#]} (9... a6 $11 10. Qa4 Rb8) 10. Qa4 $146 {aiming for 0-0-0. White is much more active. Black has bad knights. White is slightly better.} ({Predecessor:} 10. Qb3 Ne4 11. Nxa7 Nc5 12. Bxc5 Qxc5 13. Ng5 Qe7 14. Nxc6 bxc6 15. Qc4 Bd7 16. Nf3 {1-0 (42) Aktunc,O-Marshall,M IECG email 1998}) 10... Kd8 $2 {[%mdl 8192] Black cannot hold the game after this.} (10... a6 $16 {is more resistant.}) 11. O-O-O+ $18 Kc8 12. Nd6+ Kb8 (12... Qxd6 $142 13. Rxd6 Bxd6) 13. Bb5 {[%cal Od6b7] Strongly threatening Nxb7!} Nd8 {[#]} 14. Rd2 $2 (14. Nxe5 $1 {[%mdl 512]} a6 (14... Qxe5 15. Bf4) 15. Nc6+ $1 {[%mdl 512]} Nxc6 16. Bxc6 Qxd6 17. Bf4 Bxd1 18. Rxd1 bxc6 19. Bxd6+ Bxd6 20. Rxd6) 14... Bxf3 (14... a6 {was worth a try.}) 15. gxf3 {Black must now prevent Rhd1.} Qc7 16. Rhd1 {And now Ne8 would win.} Bxd6 17. Rxd6 {Threatens to win with f4.} Ne6 18. Qb3 Rc8 (18... a6 $142 19. Bxa6 Nc5 20. Bxc5 Rxa6 21. Rxa6 Qxc5) 19. Ba6 h6 20. Qb5 Nf8 {[#]} 21. Bc5 $1 {[%mdl 512]} g5 (21... Ne8 22. Rd8) 22. Rxf6 Qxc5 23. Qxb7# {Weighted Error Value: White=0.50/Black=1.45} 1-0